| 000 | 00380nam a2200169Ia 4500 | ||
|---|---|---|---|
| 008 | 191121s9999||||xx |||||||||||||| ||und|| | ||
| 020 | _a0540072877, | ||
| 040 | _aIMU-MPC | ||
| 082 | _aColumn-5 | ||
| 100 | _aDerrett, D R | ||
| 245 | 4 | _aThe mariners' highway code | |
| 250 | _a4th ed. | ||
| 260 | _bStanford Maritime London | ||
| 260 | _c1977 | ||
| 300 | _a190 | ||
| 942 | _cBK | ||
| 999 |
_c2043 _d2043 |
||